LEADER 01394nam a22002891i 4500 001 991003011559707536 005 20030909100328.0 008 030925s1991 it |||||||||||||||||ita 020 $a8871250133 035 $ab12367709-39ule_inst 035 $aARCHE-041523$9ExL 040 $aBiblioteca Interfacoltà$bita$cA.t.i. Arché s.c.r.l. Pandora Sicilia s.r.l. 082 04$a327 100 1 $aTori, Giorgio$0453597 245 10$aCorrenspondance politique et diplomatique du Ministere des affaires etrangeres de France :$bserie luques /$cinventario a cura di giorgio Tori 260 $a[Roma] :$bMinistero per i beni e le attivita culturali, Ufficio centrale per i beni archivistici,$c1991 300 $a183 p. ;$c24 cm 440 0$aPubblicazioni degli archivi di Stato.$pQuaderni della Rassegna degli archivi di Stato ;$v60 650 4$aFrancia$xMinistero degli affari esteri$xStoria diplomatica 650 4$aFrancia$xDocumenti diplomatici 710 1 $aItalia :$bUfficio centrale per i beni archivistici 907 $a.b12367709$b02-04-14$c08-10-03 912 $a991003011559707536 945 $aLE002 Ann. 332/060$g1$i2002000106131$lle002$o-$pE0.00$q-$rl$s- $t0$u0$v0$w0$x0$y.i12772537$z08-10-03 996 $aCorrenspondance politique et diplomatique du Ministere des affaires etrangeres de France$9171585 997 $aUNISALENTO 998 $ale002$b08-10-03$cm$da $e-$fita$git $h0$i1 LEADER 02270oam 2200565M 450 001 9910716445703321 005 20200213070514.2 035 $a(CKB)5470000002521689 035 $a(OCoLC)1065790381 035 $a(OCoLC)995470000002521689 035 $a(EXLCZ)995470000002521689 100 $a20071213d1927 ua 0 101 0 $aeng 135 $aurcn||||||||| 181 $ctxt$2rdacontent 182 $cc$2rdamedia 183 $acr$2rdacarrier 200 10$aFederal Reserve pension fund. February 28, 1927. -- Referred to the House Calendar and ordered to be printed 210 1$a[Washington, D.C.] :$c[U.S. Government Printing Office],$d1927. 215 $a1 online resource (17 pages) $ctables 225 1 $aHouse report / 69th Congress, 2nd session. House ;$vno. 2278 225 1 $a[United States congressional serial set] ;$v[serial no. 8689] 300 $aAppendix, p. 12. 300 $aMinority report, p. 15. 300 $aBatch processed record: Metadata reviewed, not verified. Some fields updated by batch processes. 300 $aFDLP item number not assigned. 606 $aCivil service$xPensions 606 $aFederal Reserve banks 606 $aRetirement 608 $aLegislative materials.$2lcgft 615 0$aCivil service$xPensions. 615 0$aFederal Reserve banks. 615 0$aRetirement. 701 $aBlack$b Eugene$f1879-1975$pDemocrat (TX)$01408980 701 $aBrand$b Charles H.$f1861-1933$pDemocrat (GA)$01408981 701 $aCanfield$b Harry C$g(Harry Clifford),$f1875-1945$pDemocrat (IN)$01408982 701 $aMcFadden$b Louis T$g(Louis Thomas),$f1876-1936$pRepublican (PA)$01388527 701 $aSteagall$b Henry Bascom$f1873-1943$pDemocrat (AL)$01408983 701 $aStevenson$b William Francis$f1861-1942$pDemocrat (SC)$01408984 701 $aWilliamson$b William$f1875-1972$pRepublican (SD)$01386808 701 $aWingo$b Otis Theodore$f1877-1930$pDemocrat (AR)$01408985 801 0$bWYU 801 1$bWYU 801 2$bOCLCO 801 2$bOCLCQ 801 2$bOCLCO 906 $aBOOK 912 $a9910716445703321 996 $aFederal Reserve pension fund. February 28, 1927. -- Referred to the House Calendar and ordered to be printed$93494289 997 $aUNINA LEADER 00876nam a2200217 i 4500 001 991004359438207536 005 20241230105437.0 008 241230s1987 it a fr 001 0 ita d 040 $aBibl. Dip.le Aggr. Ingegneria Innovazione - Sez. IngegneriaInnovazione$beng$cSocioculturale Scs 041 0 $aita 082 04$a363.61$223 100 1 $aMercanti, Alberto$037418 245 13$aIl problema acqua: approvvigionamento e potabilizzazione :$bgli impianti dell'Anconella e di Mantignano a Firenze : legislazione vigente in materia di acqua potabile /$cAlberto Mercanti 260 $aFirenze :$bAlinea,$c1987 300 $a246 p. :$bill. ;$c25 cm 490 1 $aSocietà e ambiente ;$v1 650 4$aDrinking water 830 0$aSocietà e ambiente ;$v1 912 $a991004359438207536 996 $aProblema acqua: approvvigionamento e potabilizzazione$94306952 997 $aUNISALENTO